000 01952nam a2200565 i 4500
001 51665
003 KOSZ 005
005 20230627120004.0
008 230627s2005 pl a g 001 0 pol
015 _aUWD 2006/5331
020 _a8360174091
035 _a991029738589705066
035 _a(PL-WaBN)b18028007-48omnis_nlop
035 _ab18028007
035 _a(OCoLC)749795314
035 _azz2005917945
035 _a(PL)b0000001802800
035 _a(EXLNZ-48OMNIS_NETWORK)9910235202505606
040 _aWA N
_cWA N
_dKOSZ 005/RW
041 1 _apol
_heng
046 _k2005
080 _a913(680)
080 _a(036)
245 0 0 _aRPA /
_c[project editor Jason Mitchell ; przygotowanie edycji polskiej Bogdan Rudnicki ; tłumaczenie Tymoteusz Kowalski].
246 1 _iTytuł oryginału:
_aSouth Africa,
_f2005
246 3 _aRepublika Południowej Afryki
250 _aWydanie I.
260 _aWarszawa :
_bMediaprofit,
_c2005.
300 _a[2], 378, [3] stron :
_bilustracje (głównie kolorowe) ;
_c23 cm.
336 _aTekst
_btxt
_2rdacontent
337 _aBez urządzenia pośredniczącego
_bn
_2rdamedia
338 _aWolumin
_bnc
_2rdacarrier
380 _aKsiążki
380 _aPoradniki i przewodniki
388 1 _a2001-
490 1 _aBiblioteka Gazety Wyborczej. Podróże Marzeń ;
_v10
504 _aIndeks.
650 7 _aTurystyka
651 7 _aRPA
_2DBN
655 7 _aPrzewodnik turystyczny
_2DBN
658 _aPodróże i turystyka
700 1 _aKowalski, Tymoteusz
_eTłumaczenie
700 1 _aMitchell, Jason
_d(1974- )
_eRedakcja
700 1 _aRudnicki, Bogdan
_eOpracowanie
710 2 _aMediaprofit
_4pbl
830 0 _aBiblioteka Gazety Wyborczej.
_pPodróże Marzeń
_v10
856 _uhttp://koha.tu.koszalin.pl/cgi-bin/koha/opac-detail.pl?biblionumber=51665
_yKatalog online BPK
942 _2UKD
_cKS
999 _c51665
_d51665